Normal view
MARC view
- Abbas, Hassan
Entry Personal Name
001 - CONTROL NUMBER
- control field: 12662
003 - CONTROL NUMBER IDENTIFIER
- control field: NUST
005 - DATE AND TIME OF LATEST TRANSACTION
- control field: 20181211080423.0
008 - FIXED-LENGTH DATA ELEMENTS
- fixed length control field: 181211|| aca||aabn | a|a d
040 ## - CATALOGING SOURCE
- Original cataloging agency: NUST
- Transcribing agency: NUST
100 ## - HEADING--PERSONAL NAME
- Personal name: Abbas, Hassan
670 ## - SOURCE DATA FOUND
- Source citation: Work cat.: (NUST): Abbas, Hassan, The Taliban Revival /, 2015.
